Instrumenty zarzadzania we wspólczesnym przedsiebiorstwie analiza krytyczna

Guardado en:
Detalles Bibliográficos
Otros Autores: Zimniewicz, Kazimierz
Formato: Libro
Lenguaje:polaco
Publicado: Poznan Wydawnictwo Akademii Ekonomicznej w Poznaniu 2006
Colección:Zeszyty naukowe 81
Materias:
Etiquetas: Agregar Etiqueta
Sin Etiquetas, Sea el primero en etiquetar este registro!

MARC

LEADER 00000nam$a2200000$$$4500
001 0055567
005 20240104135444.7
020 |a 978-83-7417-203-5 
022 |a 1641-2168 
041 0 |a pol 
044 |a PL 
245 1 0 |a Instrumenty zarzadzania we wspólczesnym przedsiebiorstwie  |b analiza krytyczna  |c redaktor naukowy: Kazimierz Zimniewicz 
264 1 |a Poznan  |b Wydawnictwo Akademii Ekonomicznej w Poznaniu  |c 2006 
300 |a 636 s. 
490 1 |a Zeszyty naukowe  |v 81 
830 0 |a Zeszyty naukowe  |v 81 
610 2 0 |a podnik 
610 2 0 |a riadenie podnikové 
610 2 0 |a nástroje riadenia 
610 2 0 |a veda o riadení 
700 1 |a Zimniewicz, Kazimierz